LIBRARY ONLINE CATALOGUE

Success in practical vocational nursing : (Record no. 4182)

MARC details
000 -LEADER
fixed length control field 00710cam a22002172 4500
001 - CONTROL NUMBER
control field 0000020811
005 - DATE AND TIME OF LATEST TRANSACTION
control field 20151217145927.0
008 - FIXED-LENGTH DATA ELEMENTS--GENERAL INFORMATION
fixed length control field 111018s xx 000 0 eng d
020 ## - INTERNATIONAL STANDARD BOOK NUMBER
International Standard Book Number 0721603491 :
040 ## - CATALOGING SOURCE
Original cataloging agency KABU
Transcribing agency KABU
100 1# - MAIN ENTRY--PERSONAL NAME
Personal name Hill, Signe S.
-- 0000180776
245 10 - TITLE STATEMENT
Title Success in practical vocational nursing :
Remainder of title from student to leader /
Statement of responsibility, etc. Signe S. Hill, Helen Stephens Howlett.
250 ## - EDITION STATEMENT
Edition statement 5th ed.
260 ## - PUBLICATION, DISTRIBUTION, ETC. (IMPRINT)
Place of publication, distribution, etc. St. Louis, Missouri :
Name of publisher, distributor, etc. Elsevier,
Date of publication, distribution, etc. 2005.
300 ## - PHYSICAL DESCRIPTION
Extent xx, 488 p.
650 #0 - SUBJECT ADDED ENTRY--TOPICAL TERM
Topical term or geographic name as entry element Nursing
General subdivision Study and teaching.
-- 0000180377
700 1# - ADDED ENTRY--PERSONAL NAME
Personal name Howlett, Helen Stephens.
-- 0000180779
852 1# - LOCATION
-- p500 KES
908 ## - PUT COMMAND PARAMETER (RLIN)
Put command parameter 111018
950 ## - LOCAL HOLDINGS (RLIN)
-- 1
Holdings
Withdrawn status Lost status Source of classification or shelving scheme Not for loan Home library Current library Date acquired Total Checkouts Full call number Barcode Date last seen Price effective from Koha item type
    Library of Congress Classification   Kabarak, Main Campus Kabarak, Main Campus 17/12/2015   RT 62 .H55 2005 c. 2 19520 17/12/2015 17/12/2015 General Collection